000
00221nam a22000857a 4500
008
170601b xxu||||| |||| 00| 0 eng d
100
_9
3192
_a
Ghesh. A. K
245
_a
Legends from Indian history
260
_a
New Delhi
_b
CBT
_c
2004
999
_c
6495
_d
6495